Capital city etymologies - Statistics

General Stats
  • This quiz has been taken 400 times
  • The average score is 8 of 15
Answer Stats
Hint Answer % Correct
named after 1st US president Washington
99%
Abode of Peace (Hebrew) Jerusalem
73%
A dam on the Amstel River Amsterdam
72%
Assumption (Spanish) Asuncion
69%
named after 5th US president Monrovia
67%
Abode of Islam Islamabad
63%
Three Cities (Greek) Tripoli
61%
named after the hero of the Battle of Waterloo Wellington
57%
Lion City (from the Sanskrit) Singapore
50%
named after Saint James Santiago
48%
White City ( in a Slavic language) Belgrade
47%
Place of the Red Sandstone (Sesotho) Maseru
33%
Low land (French) Basse-Terre
27%
Smoky Bay (in a Germanic language) Reykjavik
23%
Crocodile River (Bambara) Bamako
11%
No matching quizzes found
Score Distribution
Percent of People with Each Score
Percentile by Number Answered
Your Score History
You have not taken this quiz